[Event "Wch U18 Girls blitz"]
[Site "Terme Catez"]
[Date "2024.12.16"]
[Round "22"]
[White "Kovac, Petra"]
[Black "Bochnickova, Simona"]
[Result "0-1"]
[WhiteElo "1796"]
[BlackElo "1881"]
[PlyCount "48"]
[EventDate "2024.12.16"]
[EventType "swiss (blitz)"]
[EventRounds "22"]
[EventCountry "SLO"]
[SourceTitle "CB51_2024"]
[SourceDate "2024.12.18"]
[SourceVersion "1"]
[SourceVersionDate "2024.12.18"]
[SourceQuality "1"]

1. e4 c5 2. Nc3 g6 3. f4 Bg7 4. Nf3 Nc6 5. Bc4 a6 6. a4 e6 7. 0-0 Nge7 8. Qe1 0-0 9. d3 d5 10. Ba2 Nb4 11. Qf2 Nxa2 12. Rxa2 b6 13. a5 Bb7 14. e5 d4 15. Na4 Nd5 16. axb6 Rc8 17. Nd2 Nb4 18. Ra3 Nxc2 19. Rb3 Ne3 20. Re1 Nxg2 21. Re2 Ne3 22. Nc4 Nxc4 23. dxc4 Qe8 24. Ra3 Qc6 0-1

[Event "Wch U18 Girls blitz"]
[Site "Terme Catez"]
[Date "2024.12.16"]
[Round "7"]
[White "Kovac, Petra"]
[Black "Tokarz, Izabela"]
[Result "0-1"]
[WhiteElo "1796"]
[BlackElo "1959"]
[PlyCount "40"]
[EventDate "2024.12.16"]
[EventType "swiss (blitz)"]
[EventRounds "22"]
[EventCountry "SLO"]
[SourceTitle "CB51_2024"]
[SourceDate "2024.12.18"]
[SourceVersion "1"]
[SourceVersionDate "2024.12.18"]
[SourceQuality "1"]

1. e4 d5 2. e5 c5 3. d4 cxd4 4. Qxd4 Nc6 5. Bb5 Bf5 6. c3 e6 7. f4 Nge7 8. Ne2 a6 9. Bxc6+ Nxc6 10. Qf2 Qa5 11. b4 Qc7 12. Nd2 Rc8 13. h3 h6 14. Nb3 Be7 15. Be3 0-0 16. Bb6 Qb8 17. g4 Be4 18. Rg1 Bxb4 19. cxb4 Nxb4 20. Ned4 Nd3+ 0-1

[Event "Wch U18 Girls blitz"]
[Site "Terme Catez"]
[Date "2024.12.16"]
[Round "15"]
[White "Kovac, Petra"]
[Black "Vashchenko, Diana"]
[Result "0-1"]
[WhiteElo "1796"]
[BlackElo "2028"]
[PlyCount "84"]
[EventDate "2024.12.16"]
[EventType "swiss (blitz)"]
[EventRounds "22"]
[EventCountry "SLO"]
[SourceTitle "CB51_2024"]
[SourceDate "2024.12.18"]
[SourceVersion "1"]
[SourceVersionDate "2024.12.18"]
[SourceQuality "1"]

1. e4 c5 2. Nc3 Nc6 3. f4 d6 4. Nf3 Nf6 5. Bb5 Bg4 6. Bxc6+ bxc6 7. 0-0 Nd7 8. h3 Bxf3 9. Qxf3 e6 10. b3 d5 11. e5 Be7 12. Bb2 0-0 13. d3 a5 14. a4 Qb6 15. Kh1 Rab8 16. f5 Nxe5 17. Qg3 Bf6 18. Ne2 d4 19. fxe6 fxe6 20. Rxf6 Rxf6 21. Qxe5 Rbf8 22. Ng3 Rd8 23. Ba3 Rd5 24. Qe2 Qb8 25. Ne4 Rg6 26. Bxc5 e5 27. Rf1 Rd8 28. Be7 Re8 29. Bh4 Qc8 30. Qf3 Qe6 31. Nc5 Qd5 32. Qxd5+ cxd5 33. Rf5 Rc6 34. Nd7 e4 35. dxe4 dxe4 36. Rg5 h6 37. Nf6+ Rxf6 38. Rxa5 Rf1+ 39. Kh2 Rc1 40. Rc5 d3 41. Rd5 Rxc2 42. a5 Rb2 0-1

[Event "Wch U18 Girls blitz"]
[Site "Terme Catez"]
[Date "2024.12.16"]
[Round "6"]
[White "Potocar, Nika"]
[Black "Kovac, Petra"]
[Result "0-1"]
[WhiteElo "1585"]
[BlackElo "1796"]
[PlyCount "106"]
[EventDate "2024.12.16"]
[EventType "swiss (blitz)"]
[EventRounds "22"]
[EventCountry "SLO"]
[SourceTitle "CB51_2024"]
[SourceDate "2024.12.18"]
[SourceVersion "1"]
[SourceVersionDate "2024.12.18"]
[SourceQuality "1"]

1. e4 c6 2. Nf3 d5 3. exd5 cxd5 4. d4 Nc6 5. c3 Nf6 6. Be2 Bg4 7. 0-0 e6 8. h3 Bxf3 9. Bxf3 h6 10. Be3 Bd6 11. Nd2 0-0 12. Re1 a6 13. Nb3 Na5 14. Be2 Rc8 15. Nc5 Bxc5 16. dxc5 Ne4 17. Bd4 Nc6 18. Bf3 Ng5 19. Bg4 Nb8 20. Qd2 Nd7 21. Rad1 Nxc5 22. Bxc5 Rxc5 23. Qd4 Qd6 24. Qe5 Qxe5 25. Rxe5 Rb5 26. b3 Rc8 27. Rc1 Ne4 28. Be2 Rbc5 29. c4 dxc4 30. Rxc5 Rxc5 31. Rxc4 Rxc4 32. Bxc4 b5 33. Bd3 Nc3 34. a3 Kf8 35. Kf1 Ke7 36. Be2 Kd6 37. Bf3 Nb1 38. Bb7 a5 39. a4 b4 40. Bf3 Nd2+ 41. Ke2 Nxb3 42. Kd3 Nc5+ 43. Kc2 Nxa4 44. Kb3 Nb6 45. Be2 Kc5 46. f3 a4+ 47. Kb2 Nc4+ 48. Bxc4 Kxc4 49. Kb1 Kc3 50. Ka1 Kc2 51. g4 b3 52. f4 b2+ 53. Ka2 b1Q+ 0-1

[Event "CRO-chT (Women) 32nd"]
[Site "Veli Losinj"]
[Date "2024.10.07"]
[Round "4.4"]
[White "Zecevic, Nada"]
[Black "Kovac, Petra"]
[Result "0-1"]
[WhiteElo "1716"]
[BlackElo "1666"]
[PlyCount "48"]
[EventDate "2024.10.05"]
[EventType "team-tourn"]
[EventRounds "9"]
[EventCountry "CRO"]
[SourceTitle "CB45_2024"]
[Source "ChessBase"]
[SourceDate "2024.11.06"]
[SourceVersion "1"]
[SourceVersionDate "2024.11.06"]
[SourceQuality "1"]
[WhiteTeam "Djakovo Dama (W)"]
[BlackTeam "Novo Virje Konaki (W)"]
[WhiteTeamCountry "CRO"]
[BlackTeamCountry "CRO"]

1. d4 d5 2. c4 dxc4 3. Nc3 Nf6 4. Bf4 e6 5. Qa4+ Nbd7 6. Nb5 Nd5 7. Bd2 a6 8. Nc3 Nxc3 9. Bxc3 b5 10. Qc2 Nb6 11. e3 Bb7 12. Nf3 Qd5 13. a3 Bd6 14. 0-0-0 a5 15. Be1 b4 16. axb4 axb4 17. Kd2 c3+ 18. bxc3 Ra2 19. Rb1 Rxc2+ 20. Kxc2 Qa2+ 21. Kc1 b3 22. Bd3 Ba6 23. Rxb3 Qxb3 24. Bxa6 Qa3+ 0-1

[Event "Split rapid op 6th"]
[Site "Split"]
[Date "2024.08.08"]
[Round "1"]
[White "Kovac, Petra"]
[Black "Rama, Lorenc"]
[Result "0-1"]
[WhiteElo "1710"]
[BlackElo "2099"]
[PlyCount "76"]
[EventDate "2024.08.08"]
[EventType "swiss (rapid)"]
[EventRounds "7"]
[EventCountry "CRO"]
[SourceTitle "CBM 221 Extra"]
[Source "ChessBase"]
[SourceDate "2024.09.30"]
[SourceVersion "1"]
[SourceVersionDate "2024.09.30"]
[SourceQuality "1"]

1. e4 c5 2. Nc3 Nc6 3. f4 e6 4. Nf3 d5 5. Bb5 Nf6 6. Bxc6+ bxc6 7. d3 Be7 8. 0-0 c4 9. Qe1 cxd3 10. cxd3 Ba6 11. Ne5 Qc7 12. Qg3 dxe4 13. Qxg7 Rf8 14. Rd1 exd3 15. Be3 Nd7 16. Nxd3 0-0-0 17. Rac1 Bf6 18. Qxh7 Nb6 19. Nb4 Bc4 20. Qe4 Bd5 21. Ncxd5 exd5 22. Qf5+ Kb7 23. Qxf6 Nc4 24. Bc5 Rfe8 25. b3 Re6 26. Qd4 Re4 27. Qf2 Rxf4 28. Qe2 Re4 29. Qd3 Rh8 30. g3 Qa5 31. bxc4 Qxc5+ 32. Kf1 Rxh2 33. Rc2 Rh1+ 34. Kg2 Rxd1 35. Qxd1 Qxb4 36. cxd5 c5 37. Rd2 Kc7 38. Qh5 Qxd2+ 0-1

[Event "CRO-ch U19 Girls"]
[Site "Split"]
[Date "2024.07.28"]
[Round "7"]
[White "Arnold, Dora"]
[Black "Kovac, Petra"]
[Result "1-0"]
[WhiteElo "1797"]
[BlackElo "1721"]
[PlyCount "55"]
[EventDate "2024.07.22"]
[EventType "tourn"]
[EventRounds "7"]
[EventCountry "CRO"]
[SourceTitle "CBM 221 Extra"]
[Source "ChessBase"]
[SourceDate "2024.09.30"]
[SourceVersion "1"]
[SourceVersionDate "2024.09.30"]
[SourceQuality "1"]

1. e4 c6 2. d4 d5 3. Nd2 dxe4 4. Nxe4 Nf6 5. Nxf6+ exf6 6. Nf3 Bd6 7. Be2 0-0 8. 0-0 Re8 9. Re1 Bf5 10. c3 Nd7 11. Be3 Rc8 12. Qb3 Nb6 13. c4 Be6 14. Qc2 Bb8 15. b3 Qc7 16. g3 Nd7 17. Nh4 Nf8 18. Rad1 Ng6 19. Nxg6 hxg6 20. Bf3 Qd7 21. Qd2 Rcd8 22. Qa5 Bg4 23. Bxg4 Qxg4 24. d5 cxd5 25. Rxd5 Rxd5 26. Qxd5 f5 27. Qd7 Qe4 28. Bd2 1-0

[Event "CRO-ch U19 Girls"]
[Site "Split"]
[Date "2024.07.24"]
[Round "3"]
[White "Trgovac, Marta"]
[Black "Kovac, Petra"]
[Result "1-0"]
[WhiteElo "1784"]
[BlackElo "1721"]
[PlyCount "159"]
[EventDate "2024.07.22"]
[EventType "tourn"]
[EventRounds "7"]
[EventCountry "CRO"]
[SourceTitle "CBM 221 Extra"]
[Source "ChessBase"]
[SourceDate "2024.09.30"]
[SourceVersion "1"]
[SourceVersionDate "2024.09.30"]
[SourceQuality "1"]

1. d4 d5 2. c4 e6 3. Nf3 c6 4. Nc3 Nf6 5. Bg5 Nbd7 6. e3 Be7 7. Be2 b6 8. 0-0 0-0 9. a3 Bb7 10. b4 dxc4 11. Bxc4 c5 12. bxc5 bxc5 13. dxc5 Qa5 14. Nb5 Bxf3 15. Qxf3 a6 16. Nd4 Qxc5 17. Nc6 Qxg5 18. Nxe7+ Kh8 19. Nc6 Nb6 20. Bb3 Rac8 21. Rac1 Qb5 22. Nd4 Qd7 23. Rfd1 Qe7 24. Rc6 Qb7 25. h3 Nbd5 26. Rcc1 h6 27. Bc4 Qe7 28. a4 Qa3 29. Ra1 Qd6 30. Rdc1 Nd7 31. Qe2 Nc7 32. Rd1 Qb6 33. Nxe6 Nxe6 34. Rxd7 Qc6 35. Bxe6 Qxe6 36. Rad1 Qc6 37. Qa2 Rc7 38. R7d6 Qb7 39. Qe2 Rc6 40. R6d4 Rg6 41. Rg4 Rxg4 42. Qxg4 Rc8 43. Rd7 Qb1+ 44. Kh2 Qb8+ 45. g3 Rc7 46. Rd5 Qe8 47. Qd4 Rc8 48. Rd6 Kh7 49. Rxa6 Rd8 50. Qf4 Ra8 51. Rxa8 Qxa8 52. Qf5+ Kg8 53. a5 Qa6 54. Qc5 Qf1 55. e4 Qe2 56. Qc8+ Kh7 57. Qf5+ Kg8 58. Kg2 Qa6 59. Qc5 Qe6 60. Qd5 Qc8 61. Qd6 Qa8 62. Qd5 Qc8 63. Qb5 Qa8 64. Kf3 Qc8 65. a6 Qxh3 66. Qe8+ Kh7 67. Qxf7 Qh1+ 68. Kf4 Qc1+ 69. Kf5 Qc8+ 70. Qe6 g6+ 71. Kf6 Qc3+ 72. e5 Qf3+ 73. Ke7 Qa3+ 74. Qd6 Qa2 75. Ke8 Qxf2 76. Qd7+ Kg8 77. Qe6+ Kg7 78. Qf6+ Qxf6 79. exf6+ Kxf6 80. a7 1-0

[Event "CRO-ch U19 Girls"]
[Site "Split"]
[Date "2024.07.23"]
[Round "2"]
[White "Kovac, Petra"]
[Black "Skroza, Chiara"]
[Result "1-0"]
[WhiteElo "1721"]
[BlackElo "1600"]
[PlyCount "37"]
[EventDate "2024.07.22"]
[EventType "tourn"]
[EventRounds "7"]
[EventCountry "CRO"]
[SourceTitle "CBM 221 Extra"]
[Source "ChessBase"]
[SourceDate "2024.09.30"]
[SourceVersion "1"]
[SourceVersionDate "2024.09.30"]
[SourceQuality "1"]

1. e4 e5 2. Nc3 Nf6 3. f4 d5 4. fxe5 Nxe4 5. Qf3 Nxc3 6. bxc3 d4 7. Bc4 Be6 8. Bxe6 fxe6 9. Qxb7 Qd5 10. Qxd5 exd5 11. cxd4 c5 12. Ne2 cxd4 13. Nxd4 Bc5 14. Ne6 Na6 15. Nxc5 Nxc5 16. 0-0 Rf8 17. Rxf8+ Kxf8 18. Ba3 Rc8 19. d4 1-0

[Event "CRo-ch U17/19 Girls"]
[Site "Split"]
[Date "2022.07.28"]
[Round "6"]
[White "Botica, Lucija"]
[Black "Kovac, Petra"]
[Result "0-1"]
[WhiteElo "1233"]
[BlackElo "1509"]
[PlyCount "94"]
[EventDate "2022.07.25"]
[EventType "swiss"]
[EventRounds "9"]
[EventCountry "CRO"]
[SourceTitle "EXT 2023"]
[Source "ChessBase"]
[SourceDate "2022.10.05"]
[SourceVersion "1"]
[SourceVersionDate "2022.10.05"]
[SourceQuality "1"]

1. e4 c6 2. d4 d5 3. exd5 cxd5 4. c4 Nf6 5. Nc3 Nc6 6. Nf3 Bg4 7. cxd5 Nxd5 8. Qb3 Bxf3 9. gxf3 Nb6 10. d5 Nd4 11. Bb5+ Nxb5 12. Nxb5 a6 13. Nc3 Qc7 14. Be3 Nd7 15. Rc1 Rc8 16. 0-0 Ne5 17. Qa4+ Qd7 18. Qxd7+ Kxd7 19. f4 Nc4 20. b3 Nxe3 21. fxe3 e6 22. f5 exd5 23. Nxd5 Bc5 24. Kg2 Rhd8 25. e4 Ke8 26. f6 g6 27. Kf3 Ba3 28. Rxc8 Rxc8 29. Rf2 Bd6 30. Kg4 Be5 31. Kg5 h5 32. Ne7 Rc1 33. Nd5 Re1 34. Rc2 Rxe4 35. Rc8+ Kd7 36. Rf8 Ke6 37. Rd8 Rg4+ 38. Kh6 Bxf6 39. Nxf6 Kxf6 40. Rd7 Rb4 41. Rd6+ Ke7 42. Rd2 Rb5 43. Kg7 Rb6 44. Re2+ Re6 45. Rc2 f5 46. Rc7+ Kd6 47. Rxb7 Re7+ 0-1

[Event "CRo-ch U17/19 Girls"]
[Site "Split"]
[Date "2022.07.28"]
[Round "5"]
[White "Kovac, Petra"]
[Black "Begic, Klara"]
[Result "0-1"]
[WhiteElo "1509"]
[BlackElo "1725"]
[PlyCount "98"]
[EventDate "2022.07.25"]
[EventType "swiss"]
[EventRounds "9"]
[EventCountry "CRO"]
[SourceTitle "EXT 2023"]
[Source "ChessBase"]
[SourceDate "2022.10.05"]
[SourceVersion "1"]
[SourceVersionDate "2022.10.05"]
[SourceQuality "1"]

1. e4 e6 2. d4 d5 3. Nd2 dxe4 4. Nxe4 Nd7 5. Nf3 Ngf6 6. Ng3 c5 7. c3 Qc7 8. Bd3 Be7 9. 0-0 0-0 10. Bc2 b6 11. Qd3 a5 12. Ne4 Ba6 13. c4 cxd4 14. b3 e5 15. Re1 g6 16. Bg5 Rfe8 17. Bh6 Nxe4 18. Qxe4 Bb7 19. Qe2 Bf8 20. Bg5 d3 21. Bxd3 e4 22. Bxe4 Rxe4 23. Qd3 Nc5 24. Qc3 Rxe1+ 25. Rxe1 Ne4 26. Qb2 Nxg5 27. Nxg5 h6 28. Nh3 Qc6 29. Nf4 Re8 30. Rd1 Qe4 31. Qd2 Bb4 32. Qe3 Qxe3 33. fxe3 Rxe3 34. Kf2 Bc5 35. Kf1 Kg7 36. Rd7 Bc8 37. Rc7 Bd6 38. Rxc8 Bxf4 39. g3 Bd6 40. Kf2 Rc3 41. Re8 Bc5+ 42. Kf1 Rc1+ 43. Re1 Rxe1+ 44. Kxe1 f5 45. Ke2 Kf6 46. Kf3 Ke5 47. Ke2 Ke4 48. h3 g5 49. a4 h5 0-1

[Event "CRo-ch U17/19 Girls"]
[Site "Split"]
[Date "2022.07.26"]
[Round "2"]
[White "Kovac, Petra"]
[Black "Bevanda, Ema"]
[Result "1-0"]
[WhiteElo "1509"]
[BlackElo "1844"]
[PlyCount "125"]
[EventDate "2022.07.25"]
[EventType "swiss"]
[EventRounds "9"]
[EventCountry "CRO"]
[SourceTitle "EXT 2023"]
[Source "ChessBase"]
[SourceDate "2022.10.05"]
[SourceVersion "1"]
[SourceVersionDate "2022.10.05"]
[SourceQuality "1"]

1. e4 e6 2. d4 d5 3. Nd2 c5 4. exd5 Qxd5 5. dxc5 Bxc5 6. Ngf3 Nf6 7. Bc4 Qc6 8. Qe2 a6 9. 0-0 0-0 10. Nb3 Bd6 11. Bd3 b6 12. Bg5 Nbd7 13. Rfe1 Bb7 14. c3 Qc7 15. Rad1 h6 16. Bh4 Bxf3 17. Qxf3 Bxh2+ 18. Kh1 Bd6 19. Bc2 Rad8 20. Qd3 Bf4 21. g3 Qb7+ 22. Kg1 Bc7 23. Qe3 Rc8 24. Rxd7 Nxd7 25. Qd3 g6 26. Qxd7 Qd5 27. Qxd5 exd5 28. Bf6 Rfe8 29. Rd1 Re6 30. Bd4 Re2 31. Nd2 Rce8 32. Be3 Bxg3 33. Kf1 R2xe3 34. fxe3 Rxe3 35. Bb3 Re5 36. Kg2 Bf4 37. Kf2 g5 38. Nf3 Rf5 39. Rxd5 Rf6 40. Kg2 Bc1 41. Rd8+ Kg7 42. Ra8 Bxb2 43. Rxa6 Bxc3 44. Ng1 Bd4 45. Bc4 Rf2+ 46. Kh3 Rc2 47. Bb3 g4+ 48. Kg3 Rd2 49. Ra4 Bxg1 50. Rxg4+ Kf8 51. Kf4 Rd4+ 52. Kg3 Rxg4+ 53. Kxg4 Kg7 54. Kf5 f6 55. Bd1 Be3 56. Be2 Kf7 57. Bg4 Ke7 58. Ke4 Bg5 59. Kd5 Be3 60. Ke4 Bd2 61. Kd5 Ba5 62. Bh5 Be1 63. Bg4 1-0

[Event "CRO-chT U16 Girls"]
[Site "Djurdjevac"]
[Date "2021.12.19"]
[Round "3.2"]
[White "Kovac, Petra"]
[Black "Vidovic, Petra"]
[Result "0-1"]
[WhiteElo "1532"]
[BlackElo "1516"]
[PlyCount "46"]
[EventDate "2021.12.18"]
[EventType "team-tourn"]
[EventRounds "5"]
[EventCountry "CRO"]
[SourceTitle "EXT 2023"]
[Source "ChessBase"]
[SourceDate "2022.10.05"]
[SourceVersion "1"]
[SourceVersionDate "2022.10.05"]
[SourceQuality "1"]
[WhiteTeam "Novo Virje Konaki (W)"]
[BlackTeam "Djurdjevac Picok (W)"]
[WhiteTeamCountry "CRO"]
[BlackTeamCountry "CRO"]

1. e4 e5 2. Nf3 Nf6 3. Nxe5 d6 4. Nf3 Nxe4 5. d4 d5 6. Bf4 Bd6 7. Bg3 c6 8. Nbd2 Bg4 9. Nxe4 dxe4 10. Qe2 0-0 11. Bxd6 exf3 12. gxf3 Re8 13. Be5 Bxf3 14. Qxf3 Qxd4 15. Be2 Qxe5 16. 0-0-0 Qe6 17. Rhe1 Nd7 18. Qg3 Nf6 19. f3 Qxa2 20. b3 Rxe2 21. Rxe2 Qa1+ 22. Kd2 Rd8+ 23. Ke3 Qxd1 0-1

[Event "CRO-ch U17"]
[Site "Split"]
[Date "2021.07.30"]
[Round "8"]
[White "Bevanda, Ema"]
[Black "Kovac, Petra"]
[Result "1-0"]
[WhiteElo "1646"]
[BlackElo "1538"]
[PlyCount "151"]
[EventDate "2021.07.25"]
[EventType "swiss"]
[EventRounds "9"]
[EventCountry "CRO"]
[SourceTitle "EXT 2022"]
[Source "ChessBase"]
[SourceDate "2021.10.06"]
[SourceVersion "1"]
[SourceVersionDate "2021.10.06"]
[SourceQuality "1"]

1. d4 e6 2. Bf4 b6 3. e3 Bb7 4. Nf3 d6 5. Bd3 Be7 6. h3 Nf6 7. 0-0 0-0 8. Nbd2 Nbd7 9. Re1 c5 10. c3 cxd4 11. exd4 Re8 12. Qe2 Nf8 13. Rad1 Ng6 14. Bh2 Qd7 15. Nc4 Rad8 16. Qc2 Bxf3 17. gxf3 Qc6 18. Qe2 Nh5 19. Qe3 Nh4 20. Nd2 h6 21. Qe4 Qxe4 22. fxe4 Bg5 23. Be2 Nf4 24. Bxf4 Bxf4 25. Nf3 Nxf3+ 26. Bxf3 e5 27. d5 g6 28. Be2 Kg7 29. Kg2 f5 30. f3 Re7 31. Bd3 Kf6 32. Kf2 Rf8 33. Rg1 Bg5 34. Ke2 Rc7 35. Rg2 f4 36. Rh1 Bh4 37. Rhg1 g5 38. Kd2 Ke7 39. Ba6 Rc5 40. b4 Rc7 41. a4 Rb8 42. Rg4 Bf2 43. R1g2 Bg3 44. h4 Kf6 45. h5 Rd8 46. Re2 Rb8 47. Kc2 Ke7 48. Kb3 Kd8 49. c4 Ke7 50. Ra2 Kd8 51. a5 bxa5 52. Rxa5 Bf2 53. Rg2 Bc5 54. Rb5 Rxb5 55. Bxb5 Bb6 56. Ba6 Ke7 57. Bb5 Kd8 58. Rc2 Ke7 59. Bc6 Rc8 60. c5 dxc5 61. bxc5 Bc7 62. d6+ Bxd6 63. cxd6+ Kxd6 64. Ba4 Rxc2 65. Kxc2 Kc5 66. Kc3 a6 67. Bd1 a5 68. Ba4 Kd6 69. Kc4 g4 70. fxg4 f3 71. Kd3 f2 72. Ke2 Ke6 73. Kxf2 Kf6 74. Kf3 Kg5 75. Kg3 Kf6 76. Kh4 1-0

[Event "CRO-ch U17"]
[Site "Split"]
[Date "2021.07.28"]
[Round "6"]
[White "Kovac, Petra"]
[Black "Bedic, Noemi"]
[Result "1-0"]
[WhiteElo "1538"]
[BlackElo "1535"]
[PlyCount "51"]
[EventDate "2021.07.25"]
[EventType "swiss"]
[EventRounds "9"]
[EventCountry "CRO"]
[SourceTitle "EXT 2022"]
[Source "ChessBase"]
[SourceDate "2021.10.06"]
[SourceVersion "1"]
[SourceVersionDate "2021.10.06"]
[SourceQuality "1"]

1. e4 e5 2. Nf3 Nc6 3. Bc4 Bc5 4. c3 Nf6 5. d3 d6 6. 0-0 a6 7. Bb3 Ba7 8. Nbd2 Bg4 9. Re1 Ne7 10. Nf1 Ng6 11. h3 Be6 12. d4 Qe7 13. Ng3 0-0 14. Bc2 Rad8 15. Nf5 Qd7 16. Bg5 Qb5 17. Bxf6 gxf6 18. Qc1 Nf4 19. a4 Qd7 20. Kh2 Kh8 21. g3 Bxf5 22. exf5 Nd5 23. Qh6 Qe7 24. Be4 c6 25. Bxd5 cxd5 26. Ng5 1-0

[Event "CRO-ch U17"]
[Site "Split"]
[Date "2021.07.28"]
[Round "5"]
[White "Zvonar, Katarina"]
[Black "Kovac, Petra"]
[Result "0-1"]
[WhiteElo "1098"]
[BlackElo "1538"]
[PlyCount "56"]
[EventDate "2021.07.25"]
[EventType "swiss"]
[EventRounds "9"]
[EventCountry "CRO"]
[SourceTitle "EXT 2022"]
[Source "ChessBase"]
[SourceDate "2021.10.06"]
[SourceVersion "1"]
[SourceVersionDate "2021.10.06"]
[SourceQuality "1"]

1. d4 Nf6 2. Nf3 e6 3. Bf4 b6 4. c4 Bb7 5. e3 Be7 6. Nc3 0-0 7. Be2 d6 8. 0-0 Nh5 9. Bg3 Nd7 10. Nd2 Nxg3 11. fxg3 Bg5 12. Kf2 c5 13. Bf3 Bxf3 14. Nxf3 Bf6 15. Kg1 cxd4 16. exd4 Qc7 17. b3 d5 18. Ne2 dxc4 19. Rc1 b5 20. bxc4 bxc4 21. Qa4 Nb6 22. Qb4 Rfd8 23. Rfd1 Rab8 24. a4 Nd5 25. Qe1 Rb4 26. Nc3 Nxc3 27. Rxc3 Rxa4 28. Qe2 Rb4 0-1

[Event "CRO-ch U17"]
[Site "Split"]
[Date "2021.07.27"]
[Round "4"]
[White "Kovac, Petra"]
[Black "Mihaljevic, Eva"]
[Result "0-1"]
[WhiteElo "1538"]
[BlackElo "1593"]
[PlyCount "58"]
[EventDate "2021.07.25"]
[EventType "swiss"]
[EventRounds "9"]
[EventCountry "CRO"]
[SourceTitle "EXT 2022"]
[Source "ChessBase"]
[SourceDate "2021.10.06"]
[SourceVersion "1"]
[SourceVersionDate "2021.10.06"]
[SourceQuality "1"]

1. e4 e6 2. d4 d5 3. Nd2 Nf6 4. e5 Nfd7 5. c3 c5 6. f4 Nc6 7. Ndf3 cxd4 8. cxd4 a5 9. Ne2 a4 10. Nc3 a3 11. b3 b6 12. Bd3 Ndb8 13. 0-0 Nb4 14. Be2 Bd7 15. g4 Ra5 16. Nb1 N4c6 17. Bd2 Ra7 18. Nc3 Nb4 19. Nb5 Ra5 20. Nc3 h5 21. gxh5 N8c6 22. Be1 Rxh5 23. Ng5 Rh6 24. Bh5 g6 25. Bg4 Nxd4 26. Bf2 Nf5 27. Nf3 Ra8 28. Ne2 Bb5 29. Nfd4 Nxd4 0-1

[Event "CRO-ch (Women) op"]
[Site "Durdevac"]
[Date "2020.09.06"]
[Round "8"]
[White "Kovac, Petra"]
[Black "Smetisko, Lucija"]
[Result "0-1"]
[WhiteElo "1371"]
[BlackElo "1550"]
[PlyCount "80"]
[EventDate "2020.09.01"]
[EventType "swiss"]
[EventRounds "9"]
[EventCountry "CRO"]
[SourceTitle "CBM 198 Extra"]
[Source "ChessBase"]
[SourceDate "2020.11.30"]
[SourceVersion "1"]
[SourceVersionDate "2020.11.30"]
[SourceQuality "1"]

1. e4 e5 2. Nf3 Nc6 3. d4 exd4 4. Bc4 Bb4+ 5. c3 dxc3 6. 0-0 Nge7 7. a3 Bc5 8. b4 Bd6 9. Nxc3 Ne5 10. Nxe5 Bxe5 11. Bd2 0-0 12. f4 Bd4+ 13. Kh1 d6 14. f5 Nc6 15. Bd5 Ne5 16. Qe1 c6 17. Ba2 b6 18. Qg3 Kh8 19. Rac1 Ba6 20. b5 cxb5 21. Ne2 Bc5 22. Bb4 Bb7 23. Rf4 g5 24. f6 Rg8 25. Rff1 Bxe4 26. Rcd1 Rg6 27. Bc3 Qe8 28. Bxe5 dxe5 29. Nc3 Bc6 30. Rf5 Bd4 31. Ne2 Rd8 32. Bb3 Bd5 33. Nxd4 Bxb3 34. Rxe5 Qd7 35. Nxb3 Qxd1+ 36. Re1 Qd3 37. Qc7 Rxf6 38. Rg1 Rf1 39. Qe5+ f6 40. Qe7 Qd1 0-1

[Event "CRO-ch (Women) op"]
[Site "Durdevac"]
[Date "2020.09.02"]
[Round "2"]
[White "Kovac, Petra"]
[Black "Muha, Magdalena"]
[Result "0-1"]
[WhiteElo "1371"]
[BlackElo "1771"]
[PlyCount "110"]
[EventDate "2020.09.01"]
[EventType "swiss"]
[EventRounds "9"]
[EventCountry "CRO"]
[SourceTitle "CBM 198 Extra"]
[Source "ChessBase"]
[SourceDate "2020.11.30"]
[SourceVersion "1"]
[SourceVersionDate "2020.11.30"]
[SourceQuality "1"]

1. e4 e6 2. d4 d5 3. e5 c5 4. c3 Nc6 5. Nf3 Bd7 6. Bd3 Rc8 7. 0-0 cxd4 8. cxd4 Nb4 9. Nc3 Nxd3 10. Qxd3 Bb4 11. Bd2 Ne7 12. Rfe1 h6 13. Nb5 Bxd2 14. Nd6+ Kf8 15. Nxd2 Rc7 16. Qf3 Be8 17. Nb3 Nc8 18. Nc5 Qe7 19. Ncxb7 Rxb7 20. Nxc8 Qd7 21. Qc3 Rc7 22. Qb4+ Kg8 23. Nd6 Qc6 24. Nxe8 Qxe8 25. Rec1 Qc8 26. Rc5 Kh7 27. Rac1 Rb7 28. Qd2 Qd7 29. Qc2+ g6 30. Rc7 Qb5 31. Rxb7 Qxb7 32. Qc7 Rb8 33. Qxb7 Rxb7 34. b3 g5 35. f3 Kg6 36. g4 Rb4 37. Rd1 a5 38. Kf2 a4 39. Rd3 f6 40. exf6 Kxf6 41. bxa4 Rb2+ 42. Kg3 Rxa2 43. h4 Rxa4 44. hxg5+ hxg5 45. Kf2 e5 46. Ke3 exd4+ 47. Rxd4 Rxd4 48. Kxd4 Ke6 49. Ke3 Ke5 50. f4+ gxf4+ 51. Kf3 d4 52. g5 d3 53. g6 Kf6 54. g7 Kxg7 55. Kf2 Kf6 0-1

[Event "CRO-ch U15 Girls"]
[Site "Trogir"]
[Date "2020.08.26"]
[Round "5"]
[White "Vidovic, Petra"]
[Black "Kovac, Petra"]
[Result "1-0"]
[WhiteElo "1537"]
[BlackElo "1391"]
[PlyCount "109"]
[EventDate "2020.08.24"]
[EventType "swiss"]
[EventRounds "9"]
[EventCountry "CRO"]
[SourceTitle "CBM 198 Extra"]
[Source "ChessBase"]
[SourceDate "2020.11.30"]
[SourceVersion "1"]
[SourceVersionDate "2020.11.30"]
[SourceQuality "1"]

1. e4 e5 2. Nf3 Nc6 3. d4 exd4 4. Bc4 Nf6 5. e5 d5 6. Bb5 Ne4 7. Nxd4 Bc5 8. Be3 Bxd4 9. Qxd4 0-0 10. Bxc6 bxc6 11. 0-0 f6 12. f4 Ba6 13. Re1 fxe5 14. Qxe5 Qf6 15. Qxf6 Rxf6 16. Nd2 Nxd2 17. Bxd2 Rb8 18. b3 Kf7 19. Re5 Re8 20. Rae1 Rxe5 21. Rxe5 g6 22. g3 Re6 23. Rxe6 Kxe6 24. Be3 Kd7 25. Bxa7 Ke6 26. Kf2 Kd6 27. b4 Bb5 28. Kf3 Ba4 29. c3 Bd1+ 30. Ke3 h5 31. Kd4 Ba4 32. h3 Bd1 33. a3 Bb3 34. g4 hxg4 35. hxg4 Bc2 36. g5 Bb3 37. Ke3 Ke6 38. Kf3 Bd1+ 39. Kg3 Bc2 40. Bd4 Kf5 41. Be5 Ba4 42. Bxc7 Bb5 43. Kf3 Ke6 44. Ke3 Ba4 45. Kd4 Bb5 46. Kc5 Kf5 47. Be5 Ke6 48. Kb6 Kf5 49. Ka5 Bd3 50. a4 Ke6 51. Kb6 Kd7 52. Kb7 Bf5 53. a5 Bd3 54. a6 Bxa6+ 55. Kxa6 1-0